| 000 | 01282cam a2200361 a 4500 | ||
|---|---|---|---|
| 001 | 15668388 | ||
| 003 | EG-ScBUE | ||
| 005 | 20220321122944.0 | ||
| 008 | 090320r20081999enk f b 000 1 eng d | ||
| 020 | _a9780199537952 (pbk.) | ||
| 040 |
_aUKM _beng _erda _cUKM _dBTCTA _dYDXCP _dDLC _dEG-ScBUE |
||
| 041 | 1 |
_aeng _hfre |
|
| 082 | 0 | 4 |
_a843.5 _222 _bDID |
| 100 | 1 |
_aDiderot, Denis, _d1713-1784, _eauthor. _937203 |
|
| 240 | 1 | 0 |
_aJacques le fataliste et son maitre. _lEnglish |
| 245 | 1 | 0 |
_aJacques the fatalist and his master / _cDenis Diderot ; translated with an introduction by David Coward. |
| 250 | _aReprinted edition. | ||
| 264 | 1 |
_aOxford : _bOxford University Press, _c2008. |
|
| 300 |
_axxxix, 258 pages ; _c20 cm. |
||
| 336 |
_2rdacontent _atext _btxt |
||
| 337 |
_2rdamedia _aunmediated _bn |
||
| 338 |
_2rdacarrier _avolume _bnc |
||
| 490 | 1 | _aOxford world's classics | |
| 504 | _aIncludes bibliographical references. | ||
| 546 | _aText in English ; translated from the original French. | ||
| 650 | 7 |
_aFate and fatalism _vFiction. _937204 _2BUEsh |
|
| 650 | 7 |
_aOntology _vFiction. _937205 _2BUEsh |
|
| 651 | _2BUEsh | ||
| 653 |
_cJanuary2015 _bHHUUEENN |
||
| 655 |
_vReading book _934232 |
||
| 700 | 1 |
_aCoward, David _937206 _etranslator. |
|
| 942 |
_2ddc _k843.5 DID _cBB |
||
| 999 |
_c18893 _d18865 |
||